000 00512nmm a2200157Ia 4500
008 251105s9999||||xx |||||||||||||||||und||
020 _a9788431507060
041 _aspa
100 _aJurídico DVE, Equipo
245 0 _aCómo comprar un piso. Guía jurídica al alcance de todos
264 _a[Madrid, España] :
_bDe Vecchi,
_c[Fecha de publicación no identificada]
300 _a0 páginas
650 _aNorth American narrative
856 _uhttps://public.digitaliapublishing.com/a/123059
942 _cCF
999 _c80918
_d80918